| 000 | 00866cab a2200229 4500 | ||
|---|---|---|---|
| 001 | WB2821-08 | ||
| 008 | 090401t1992 xxu||||| |||| 00| 0 eng d | ||
| 035 | _a(Sirsi) u19281 | ||
| 041 | _aeng | ||
| 245 | _aPayment for bad work | ||
| 260 | _c1992 | ||
| 350 | _a0 | ||
| 490 |
_aChartered Surveyor Weekly _v39(9) 28 May 1992, 72(1) |
||
| 520 | _aIn "Slater v C A Duquemin Ltd", HC 16 April 1992, it was held that the arbitrator decided that contractors were entitled to be paid for defective work since by barring them from the site the employer had prevented them from carrying out their contractual obligations to remedy such works. | ||
| 650 | _aBUILT ENVIRONMENT-BUILDING CONTRACT FORMS | ||
| 650 | _aCLAIMS | ||
| 650 | _aDEFECTIVE WORK | ||
| 650 | _aREPUDIATION | ||
| 690 | _aBUILDING AND CONSTRUCTION-CASE LAW | ||
| 942 | _n0 | ||
| 948 | _c04/03/1997 | ||
| 999 |
_c12858 _d12858 |
||